000 00579nam a2200205 i 4500
001 bg
245 0 0 _aWzory umów w obrocie krajowym z komentarzem /
_c[aut. oprac. Henryk Golanowski et al.].
260 _aGdańsk :
_b"Info-Trade",
_c1998.
300 _a249, [1] s. ;
_c23 cm.
650 9 _aUmowa
_xhandel
_zPolska
655 _aTablice i wzory
700 1 _aGOLANOWSKI, Henryk.
020 _a838687791X
040 _cBPK
041 0 _apl
080 _a347.4:347.7:339.3](438)(083)
920 _a83-86877-91-X
942 _cKS
008 s pl f |000 0 pol
999 _c33732
_d33732
856 _uhttp://koha.tu.koszalin.pl/cgi-bin/koha/opac-detail.pl?biblionumber=33732
_yKatalog online BPK